A. WESLEY POWELL LEARNING RESOURCE CENTRE (WPLRC)

Wonderful Place to Learn, Research & Collaborate

Europe / (Record no. 7851)

MARC details
000 -LEADER
fixed length control field 00734cam a2200241 a 4500
001 - ACCESSION NUMBER
control field 22539
003 - CONTROL NUMBER IDENTIFIER
control field AuCNLKIN
005 - DATE AND TIME OF LATEST TRANSACTION
control field 20171019101354.0
008 - FIXED-LENGTH DATA ELEMENTS--GENERAL INFORMATION
fixed length control field 750104s1957 enk || 000 ||eng d
015 ## - NATIONAL BIBLIOGRAPHY NUMBER
National bibliography number GB5801196
Source bnb
020 ## - INTERNATIONAL STANDARD BOOK NUMBER
International Standard Book Number 0000000000
035 ## - SYSTEM CONTROL NUMBER
System control number (OCoLC)2551313
040 ## - CATALOGING SOURCE
Original cataloging agency Uk
Modifying agency NSL
Transcribing agency ddc
082 04 - DEWEY DECIMAL CLASSIFICATION NUMBER
Classification number 914
Edition number 18
100 1# - MAIN ENTRY--PERSONAL NAME
Personal name Unstead, J. F.
Fuller form of name (John Frederick),
Dates associated with a name 1876-1965.
245 10 - TITLE STATEMENT
Title Europe /
Statement of responsibility, etc. [by] J. F. Unstead.
250 ## - EDITION STATEMENT
Edition statement [3rd ed.]
260 ## - PUBLICATION, DISTRIBUTION, ETC. (IMPRINT)
Place of publication, distribution, etc. London :
Name of publisher, distributor, etc. University of London Press,
Date of publication, distribution, etc. [1957].
300 ## - PHYSICAL DESCRIPTION
Extent 404 p. :
Other physical details ill., maps ;
Dimensions 22cm.
490 1# - SERIES STATEMENT
Series statement Systematic regional geography ;
Volume/sequential designation v. 2.
500 ## - GENERAL NOTE
General note Previous ed 1953.
651 #0 - SUBJECT ADDED ENTRY--GEOGRAPHIC NAME
Geographic name Europe
General subdivision Geography.
651 #0 - SUBJECT ADDED ENTRY--GEOGRAPHIC NAME
Geographic name Europe
General subdivision Description and travel.
830 #0 - SERIES ADDED ENTRY--UNIFORM TITLE
Uniform title Systematic regional geography ;
Volume number/sequential designation v. 2.
942 ## - ADDED ENTRY ELEMENTS (KOHA)
Source of classification or shelving scheme Dewey Decimal Classification
Koha item type Circ Books
Holdings
Withdrawn status Lost status Source of classification or shelving scheme Damaged status Not for loan Home library Current library Date acquired Total Checkouts Full call number Barcode Date last seen Price effective from Koha item type
    Dewey Decimal Classification     Wesley Powell Learning Resource Centre Wesley Powell Learning Resource Centre 10/19/2017   914/UNS 22539 10/19/2017 10/19/2017 Circ Books